|
|
|
|
| LEADER |
00000ny a22000003n 4500 |
| 005 |
2011060304004.0 |
| 008 |
970410s1989 sp 000 spa d |
| 017 |
|
|
|a D.L. M30039-1989
|
| 020 |
|
|
|a 9788471306340
|
| 035 |
|
|
|a 446
|
| 040 |
|
|
|a UMA.CEE
|d vLex
|
| 040 |
|
|
|a UMA.PE
|d vLex
|
| 080 |
|
|
|a 347(460)
|
| 090 |
|
|
|c 455
|d 455
|
| 245 |
0 |
0 |
|a Comentarios al Cd̤igo Civil y compilaciones forales
|h [Recurso electrn̤ico]
|c dirigidos por Manuel Albaladejo
|
| 256 |
|
|
|a Servicio en ln̕ea
|
| 260 |
|
|
|a Madrid :
|b Revista de Derecho Privado :
|b Editoriales de Derecho Reunidas,
|c D.L. 1989
|
| 300 |
|
|
|a XIX, 1.255 p. ;
|c 21 cm
|
| 505 |
0 |
|
|t Tomo XV, Vol.1, Artc̕ulos 1.088 a 1.124 del Cd̤igo civil /
|r comentados por Manuel Albaladejo Garca̕... [et al.]
|
| 506 |
1 |
|
|a Contenido solo disponible en los productos indicados
|d vLex Global
|d vLex Global (Academic Edition, excluding Law Schools)
|d vLex Global (U.S. Academic Edition, Law Schools)
|d vLex Global (U.S. Academic Edition, excluding Law Schools)
|d vLex Global (Academic Edition, Law Schools)
|
| 650 |
0 |
7 |
|2 Tesauro vLex
|a Civil
|
| 650 |
0 |
7 |
|2 Tesauro vLex
|a Cd̤igo civil
|
| 650 |
0 |
7 |
|2 Tesauro vLex
|a Obligaciones
|
| 650 |
0 |
7 |
|2 Tesauro vLex
|a Hacienda local
|
| 650 |
0 |
7 |
|2 Tesauro vLex
|a Tasas
|
| 700 |
1 |
|
|a Albaladejo Garca̕, Manuel,
|e dir
|
| 740 |
0 |
|
|a vLex Libros (Servicios en ln̕ea)
|
| 856 |
4 |
0 |
|z Acceso restringido
|u http://vlex.com/source/446
|
| 942 |
|
|
|c BOOK
|
| 999 |
0 |
|
|a Civil Law
|b Madrid
|